| 000 | 00531nam a2200193Ia 4500 | ||
|---|---|---|---|
| 005 | 20230603102846.0 | ||
| 008 | 131103s9999 xx 000 0 und d | ||
| 020 | _a0860917614 (pbk) | ||
| 040 | _aLoreto College | ||
| 041 | _aEnglish | ||
| 082 |
_a330.15 _bWAL |
||
| 100 | _aWallerstein,Immannuel | ||
| 245 |
_aHistorical capitalism _cImmannuel Wallerstein |
||
| 260 |
_aLondon _bVerso _c1983 (1984 printing) |
||
| 300 | _a110 p. | ||
| 650 | _aEconomics - Capitalism - Historical Capitalism | ||
| 850 | _aLCLIB | ||
| 942 | _cBK | ||
| 999 |
_c7617 _d58096 |
||